[Event "Bulgaria ch 2012 femenino"]
[Site "Panagyurishte BUL"]
[Date "2012.04.24"]
[Round "5.3"]
[White "Nikolova, Adriana"]
[Black "Chilingirova, Pavlina"]
[Result "1-0"]
[WhiteElo "2293"]
[BlackElo "2109"]
[PlyCount "96"]
[EventDate "2012.04.18"]
[EventType "tourn"]
[EventRounds "11"]
[EventCountry "BUL"]
[EventCategory "11"]
[Source "lmi"]
[SourceDate "2012.04.20"]

1. e4 c5 2. Nf3 d6 3. d4 Nf6 4. Nc3 cxd4 5. Nxd4 a6 6. Bg5 e6 7. f4 Nbd7 8. Qf3
Qc7 9. O-O-O b5 10. Bd3 Bb7 11. Rhe1 Be7 12. a3 h6 13. Bxf6 Bxf6 14. Bxb5 axb5
15. Ndxb5 Qb8 16. Nxd6+ Kf8 17. Qh5 g6 18. Qb5 Bxc3 19. bxc3 Bc8 20. Qxb8 Nxb8
21. Nxc8 Kg7 22. Nd6 Rxa3 23. Kb2 Ra6 24. e5 Nc6 25. Rb1 g5 26. g3 Kg6 27. Kc1
Rd8 28. Rd1 Ra4 29. Rb6 Ne7 30. Rd4 Ra1+ 31. Rb1 Rxb1+ 32. Kxb1 Nd5 33. c4 Rb8+
34. Kc1 Nc3 35. Rd3 Rb1+ 36. Kd2 Na4 37. Ra3 Nc5 38. Ra5 Nd7 39. Ra7 Nb8 40.
Rxf7 Rh1 41. Rf6+ Kh7 42. Rxe6 Rxh2+ 43. Ke3 Rxc2 44. f5 Nc6 45. f6 Rc3+ 46.
Ke4 g4 47. f7 Rf3 48. Rf6 Kg7 1-0

[Event "Bulgaria ch 2012 femenino"]
[Site "Panagyurishte BUL"]
[Date "2012.04.24"]
[Round "5.4"]
[White "Genova, Lyubka"]
[Black "Raeva, Elitsa"]
[Result "1/2-1/2"]
[WhiteElo "2259"]
[BlackElo "2292"]
[PlyCount "134"]
[EventDate "2012.04.18"]
[EventType "tourn"]
[EventRounds "11"]
[EventCountry "BUL"]
[EventCategory "11"]
[Source "lmi"]
[SourceDate "2012.04.20"]

1. e4 c5 2. Nf3 Nc6 3. d4 cxd4 4. Nxd4 g6 5. c4 Bg7 6. Be3 Nf6 7. Nc3 O-O 8.
Be2 b6 9. O-O Bb7 10. f3 Ne8 11. Qd2 Nc7 12. Nc2 Ne6 13. Rad1 d6 14. b3 Kh8 15.
Nd5 Rg8 16. f4 f5 17. exf5 gxf5 18. b4 Rc8 19. Qd3 Qf8 20. Bf3 Ned8 21. b5 Na5
22. Na3 e6 23. Nb4 d5 24. Nbc2 Nxc4 25. Nxc4 Rxc4 26. Bd4 Nf7 27. Bxg7+ Qxg7
28. Nd4 Bc8 29. Qe3 Qf6 30. Rfe1 Bd7 31. Bh5 Nd6 32. Qe5 Qxe5 33. Rxe5 Nxb5 34.
Nxb5 Bxb5 35. Bf7 Rf8 36. Bxe6 Rxf4 37. Bxd5 Rd8 38. g3 Rb4 39. Rc1 f4 40. gxf4
Rxf4 41. Bb3 Ba4 42. Re7 Bxb3 43. axb3 Rg8+ 44. Kh1 Rf3 45. b4 a5 46. bxa5 bxa5
47. Ra7 Ra3 48. Rd1 a4 49. Re1 h6 50. Rd1 Rg7 51. Ra8+ Kh7 52. Rc1 Ra2 53. h3
Rb7 54. Ra6 Rd7 55. Re1 Ra3 56. Kh2 Rd2+ 57. Kg1 Kg7 58. Rc1 Rd7 59. Kh2 h5 60.
h4 Ra2+ 61. Kg3 Ra3+ 62. Kh2 Kh7 63. Kg2 Rg7+ 64. Kh2 Ra2+ 65. Kh1 a3 66. Rc3
Rf7 67. Kg1 Rd7 1/2-1/2

[Event "Bulgaria ch 2012 femenino"]
[Site "Panagyurishte BUL"]
[Date "2012.04.24"]
[Round "5.5"]
[White "Yordanova, Svetla"]
[Black "Voiska, Margarita"]
[Result "1/2-1/2"]
[WhiteElo "2116"]
[BlackElo "2316"]
[PlyCount "82"]
[EventDate "2012.04.18"]
[EventType "tourn"]
[EventRounds "11"]
[EventCountry "BUL"]
[EventCategory "11"]
[Source "lmi"]
[SourceDate "2012.04.20"]

1. e4 c5 2. Nf3 Nc6 3. d4 cxd4 4. Nxd4 e5 5. Nb5 d6 6. c4 Be6 7. N1c3 a6 8. Na3
Be7 9. Be3 Bg5 10. Nc2 Bxe3 11. Nxe3 Nf6 12. Bd3 Rc8 13. Rc1 O-O 14. O-O Qb6
15. Qd2 Nd4 16. Rfd1 Qa7 17. Kh1 b5 18. b3 Qb6 19. f3 Rfd8 20. Bf1 h6 21. Qe1
Rc7 22. h3 Rdc8 23. Bd3 Qa7 24. Qd2 Qb6 25. Qe1 Qa7 26. Qd2 Qb6 27. Qe1 Qb8 28.
Qd2 Rc5 29. Ne2 Nxe2 30. Bxe2 bxc4 31. Bxc4 Bxc4 32. Rxc4 Ne8 33. Rdc1 Rxc4 34.
Nxc4 Rc6 35. Rd1 Qc7 36. Qb4 Rc5 37. Qa4 Qc6 38. Qxc6 Rxc6 39. Rd2 Kf8 40. Kg1
Ke7 41. Kf2 h5 1/2-1/2

[Event "Bulgaria ch 2012 femenino"]
[Site "Panagyurishte BUL"]
[Date "2012.04.25"]
[Round "6.1"]
[White "Videnova, Iva"]
[Black "Voiska, Margarita"]
[Result "1-0"]
[WhiteElo "2301"]
[BlackElo "2316"]
[PlyCount "83"]
[EventDate "2012.04.18"]
[EventType "tourn"]
[EventRounds "11"]
[EventCountry "BUL"]
[EventCategory "11"]
[Source "lmi"]
[SourceDate "2012.04.20"]

1. e4 d6 2. d4 Nf6 3. Nc3 g6 4. f4 Bg7 5. Nf3 O-O 6. Bd3 Na6 7. O-O c5 8. d5
Bg4 9. Bc4 Nc7 10. h3 Bxf3 11. Qxf3 a6 12. a4 b6 13. Qd3 Nd7 14. Be3 Qc8 15.
Rab1 Rb8 16. Kh2 Qb7 17. b4 Qc8 18. b5 axb5 19. Nxb5 Nxb5 20. Bxb5 Qc7 21. Qc4
Rfe8 22. Bc6 e6 23. Qb5 Rbd8 24. dxe6 fxe6 25. Bd2 Rf8 26. Bxd7 Qxd7 27. Qxd7
Rxd7 28. Rxb6 Ra8 29. a5 c4 30. Bb4 Kf7 31. Rd1 d5 32. c3 Raa7 33. a6 d4 34.
cxd4 Bxd4 35. Rc6 e5 36. Bc5 Bxc5 37. Rxd7+ Rxd7 38. Rxc5 exf4 39. Rxc4 Ke6 40.
Ra4 Ra7 41. Ra5 Kd6 42. Kg1 1-0

[Event "Bulgaria ch 2012 femenino"]
[Site "Panagyurishte BUL"]
[Date "2012.04.25"]
[Round "6.2"]
[White "Raeva, Elitsa"]
[Black "Yordanova, Svetla"]
[Result "1-0"]
[WhiteElo "2292"]
[BlackElo "2116"]
[PlyCount "65"]
[EventDate "2012.04.18"]
[EventType "tourn"]
[EventRounds "11"]
[EventCountry "BUL"]
[EventCategory "11"]
[Source "lmi"]
[SourceDate "2012.04.20"]

1. c4 e5 2. Nc3 f5 3. g3 Nf6 4. Bg2 g6 5. d4 e4 6. f3 exf3 7. Nxf3 Bg7 8. O-O
O-O 9. Bg5 c6 10. e4 fxe4 11. Nxe4 d5 12. cxd5 cxd5 13. Nxf6+ Bxf6 14. Bxf6
Rxf6 15. Ne5 Nc6 16. Rxf6 Qxf6 17. Bxd5+ Kg7 18. Bxc6 bxc6 19. Rc1 Qg5 20. Rc3
Ba6 21. Rf3 c5 22. h4 Qd8 23. Rf7+ Kg8 24. Rd7 Qa5 25. Ng4 Rf8 26. Qb3+ c4 27.
Qe3 Bc8 28. Qe6+ Kh8 29. Rxh7+ Kxh7 30. Qe7+ Kg8 31. Nh6+ Kh8 32. Qxf8+ Kh7 33.
Qg8+ 1-0

[Event "Bulgaria ch 2012 femenino"]
[Site "Panagyurishte BUL"]
[Date "2012.04.25"]
[Round "6.3"]
[White "Chilingirova, Pavlina"]
[Black "Genova, Lyubka"]
[Result "1-0"]
[WhiteElo "2109"]
[BlackElo "2259"]
[PlyCount "89"]
[EventDate "2012.04.18"]
[EventType "tourn"]
[EventRounds "11"]
[EventCountry "BUL"]
[EventCategory "11"]
[Source "lmi"]
[SourceDate "2012.04.20"]

1. d4 Nf6 2. g3 g6 3. Bg2 Bg7 4. e4 d6 5. Ne2 O-O 6. c4 c5 7. dxc5 Qa5+ 8. Nbc3
Qxc5 9. b3 Nc6 10. O-O Qh5 11. f3 Bh3 12. Bxh3 Qxh3 13. Be3 h5 14. Qd2 Ne5 15.
Nf4 Qc8 16. Rad1 Re8 17. Nfd5 Nxd5 18. Nxd5 Qc6 19. Kg2 a6 20. Nb6 Rad8 21. Qd5
Nd7 22. Nxd7 Rxd7 23. a4 e6 24. Qd3 b6 25. Rc1 Qb7 26. Rfd1 Red8 27. Bg5 Rc8
28. Qe2 Rb8 29. Rc2 b5 30. cxb5 axb5 31. a5 d5 32. exd5 Rxd5 33. Be3 Rbd8 34.
Rxd5 Rxd5 35. Rd2 Rf5 36. Bb6 Kh7 37. Qe4 Qc8 38. Rc2 Qd7 39. a6 Re5 40. Qb4
Qd1 41. Qd2 Qa1 42. Ra2 Rd5 43. Qc2 Qe1 44. Bf2 Qc3 45. Qxc3 1-0

[Event "Bulgaria ch 2012 femenino"]
[Site "Panagyurishte BUL"]
[Date "2012.04.25"]
[Round "6.4"]
[White "Tsekova, Viktoria"]
[Black "Nikolova, Adriana"]
[Result "0-1"]
[WhiteElo "1876"]
[BlackElo "2293"]
[PlyCount "74"]
[EventDate "2012.04.18"]
[EventType "tourn"]
[EventRounds "11"]
[EventCountry "BUL"]
[EventCategory "11"]
[Source "lmi"]
[SourceDate "2012.04.20"]

1. Nf3 c5 2. g3 Nc6 3. c4 g6 4. Bg2 Bg7 5. O-O d6 6. Nc3 e5 7. d3 Nge7 8. Bd2
O-O 9. Rb1 h6 10. a3 a5 11. Nb5 Be6 12. Ne1 Kh7 13. b4 axb4 14. axb4 cxb4 15.
Nc2 d5 16. cxd5 Bxd5 17. Nxb4 Bxg2 18. Kxg2 f5 19. Bc3 f4 20. Qb3 Qd7 21. Na3
f3+ 22. exf3 Qf5 23. Nc4 Qxf3+ 24. Kg1 Nd4 25. Bxd4 exd4 26. Nd2 Qh5 27. Nc2
Rac8 28. Ne4 Nd5 29. Na3 Nc3 30. Nxc3 Rxc3 31. Qb4 Rxd3 32. Nc4 Qd5 33. Na5
Rdf3 34. Nxb7 d3 35. Qd6 Qa2 36. Qc5 Rxf2 37. Rxf2 Qxb1+ 0-1

[Event "Bulgaria ch 2012 femenino"]
[Site "Panagyurishte BUL"]
[Date "2012.04.25"]
[Round "6.5"]
[White "Galunova, Tsveta"]
[Black "Ivanova, Simoneta"]
[Result "1-0"]
[WhiteElo "2046"]
[BlackElo "1963"]
[PlyCount "105"]
[EventDate "2012.04.18"]
[EventType "tourn"]
[EventRounds "11"]
[EventCountry "BUL"]
[EventCategory "11"]
[Source "lmi"]
[SourceDate "2012.04.20"]

1. e4 e5 2. Bc4 Nf6 3. d3 c6 4. Nf3 d5 5. Bb3 Bd6 6. O-O O-O 7. Nbd2 Nbd7 8. c3
Re8 9. Re1 Nf8 10. d4 dxe4 11. Nxe4 Nxe4 12. Rxe4 Bf5 13. Nxe5 Bxe5 14. Rxe5
Rxe5 15. dxe5 Qe7 16. Qd6 Qxd6 17. exd6 Rd8 18. Bf4 Ne6 19. Be5 Nc5 20. Bc4 b5
21. Bf1 Ne4 22. Rd1 f6 23. Bf4 g5 24. Be3 a6 25. f3 Nxd6 26. Bc5 Nf7 27. Rxd8+
Nxd8 28. Be7 Ne6 29. Bxf6 Kf7 30. Be5 Nc5 31. g4 Bb1 32. b4 Nd7 33. Bd4 Bxa2
34. Bd3 h6 35. Kf2 Nf8 36. Kg3 Ne6 37. Be3 Bd5 38. f4 gxf4+ 39. Bxf4 Nxf4 40.
Kxf4 Kf6 41. h4 Ke7 42. Ke5 Kd7 43. Kf6 c5 44. Kg6 Bc4 45. Bf5+ Kd6 46. Kxh6 a5
47. bxa5 b4 48. cxb4 cxb4 49. Kg7 b3 50. h5 Be6 51. Bb1 Bxg4 52. h6 Bd1 53. h7
1-0

[Event "Bulgaria ch 2012 femenino"]
[Site "Panagyurishte BUL"]
[Date "2012.04.26"]
[Round "7.1"]
[White "Ivanova, Simoneta"]
[Black "Videnova, Iva"]
[Result "0-1"]
[WhiteElo "1963"]
[BlackElo "2301"]
[PlyCount "130"]
[EventDate "2012.04.18"]
[EventType "tourn"]
[EventRounds "11"]
[EventCountry "BUL"]
[EventCategory "11"]
[Source "lmi"]
[SourceDate "2012.04.20"]

1. Nf3 Nf6 2. c4 g6 3. Nc3 d5 4. cxd5 Nxd5 5. Qb3 Nb6 6. d4 Bg7 7. Bf4 Be6 8.
Qa3 Nc6 9. e3 a5 10. Be2 Nb4 11. Rc1 Nc4 12. Qa4+ c6 13. Rb1 Nb6 14. Qd1 Bxa2
15. Nxa2 Nxa2 16. O-O O-O 17. Qd2 Nd5 18. Bg3 Nf6 19. Rfd1 Ne4 20. Qc2 Nxg3 21.
hxg3 Nb4 22. Qb3 Qd6 23. e4 e6 24. Rbc1 Rfd8 25. Qe3 Rd7 26. e5 Qf8 27. Nd2 Nd5
28. Qe4 f5 29. Qb1 Bh6 30. Rc5 Bxd2 31. Rxd2 Nb4 32. Rc1 Rad8 33. Rcd1 c5 34.
Bc4 Kf7 35. Qa1 b6 36. b3 Qe7 37. Qc3 Nd5 38. Qf3 g5 39. Qh5+ Kg7 40. dxc5 bxc5
41. Bb5 Rb7 42. Bc4 h6 43. Bxd5 Rbd7 44. Qf3 g4 45. Qf4 Rxd5 46. Rxd5 exd5 47.
Qxf5 Qg5 48. Qe6 d4 49. Qb6 Qe7 50. Qxa5 Rd7 51. Qb5 Rb7 52. Qe2 Qe6 53. Rc1
Rxb3 54. Rxc5 Rb1+ 55. Kh2 Qf5 56. Rc7+ Kf8 57. Rc8+ Qxc8 58. Qe4 Rb6 59. Qf4+
Kg7 60. Qxd4 Qe6 61. Qd8 Rb7 62. Qd4 Re7 63. Qf4 h5 64. Qg5+ Kh7 65. Qxh5+ Qh6
0-1

[Event "Bulgaria ch 2012 femenino"]
[Site "Panagyurishte BUL"]
[Date "2012.04.26"]
[Round "7.2"]
[White "Nikolova, Adriana"]
[Black "Galunova, Tsveta"]
[Result "0-1"]
[WhiteElo "2293"]
[BlackElo "2046"]
[PlyCount "98"]
[EventDate "2012.04.18"]
[EventType "tourn"]
[EventRounds "11"]
[EventCountry "BUL"]
[EventCategory "11"]
[Source "lmi"]
[SourceDate "2012.04.20"]

1. e4 e5 2. Nf3 Nc6 3. Bb5 Nf6 4. O-O Bc5 5. c3 O-O 6. d4 Bb6 7. Bg5 d6 8. Qd3
h6 9. Bh4 exd4 10. cxd4 g5 11. Bxc6 bxc6 12. Nxg5 hxg5 13. Bxg5 Kg7 14. a4 a5
15. Ra3 Qd7 16. h3 Rh8 17. Rd1 Ba6 18. Qf3 Qe6 19. Nc3 Rag8 20. d5 Qe5 21.
Bxf6+ Qxf6 22. Qxf6+ Kxf6 23. dxc6 Bc4 24. Nd5+ Bxd5 25. Rf3+ Ke7 26. Rxd5 f6
27. g4 Rg5 28. Kg2 Ke6 29. Rdf5 Rxf5 30. Rxf5 Rg8 31. f4 Bc5 32. g5 fxg5 33.
fxg5 Rb8 34. h4 Rxb2+ 35. Kg3 Rb1 36. Kg4 Rb4 37. Kf4 Rxa4 38. Rf6+ Ke7 39. Rh6
d5 40. Ke5 dxe4 41. Rh7+ Kf8 42. Rxc7 e3 43. Rc8+ Ke7 44. c7 Kd7 45. Re8 Kxc7
46. Kd5 Kd7 47. Re5 Bb6 48. Re6 Rd4+ 49. Ke5 Re4+ 0-1

[Event "Bulgaria ch 2012 femenino"]
[Site "Panagyurishte BUL"]
[Date "2012.04.26"]
[Round "7.3"]
[White "Genova, Lyubka"]
[Black "Tsekova, Viktoria"]
[Result "1-0"]
[WhiteElo "2259"]
[BlackElo "1876"]
[PlyCount "85"]
[EventDate "2012.04.18"]
[EventType "tourn"]
[EventRounds "11"]
[EventCountry "BUL"]
[EventCategory "11"]
[Source "lmi"]
[SourceDate "2012.04.20"]

1. b3 e5 2. Bb2 Nc6 3. c4 Nf6 4. e3 Be7 5. d3 d6 6. Nf3 O-O 7. Be2 h6 8. Nbd2
Bf5 9. Qc2 Qd7 10. a3 a5 11. Bc3 Rfe8 12. O-O Bf8 13. e4 Be6 14. h3 Ne7 15. d4
exd4 16. Nxd4 Nc6 17. Nxe6 Rxe6 18. f4 Rae8 19. Bf3 b6 20. Rad1 Nd8 21. Qb2
Nxe4 22. Nxe4 Rxe4 23. Bxe4 Rxe4 24. Rde1 Rxe1 25. Rxe1 Qf5 26. Qb1 Qxf4 27.
Qe4 Qg5 28. b4 axb4 29. axb4 Ne6 30. Rf1 Qe7 31. Ra1 Qg5 32. Be1 Nf4 33. Kh1
Ne6 34. Bh4 Qd2 35. b5 Qd4 36. Qxd4 Nxd4 37. Bd8 d5 38. Bxc7 dxc4 39. Bxb6 Nxb5
40. Ra8 c3 41. Bc5 c2 42. Rxf8+ Kh7 43. Be3 1-0

[Event "Bulgaria ch 2012 femenino"]
[Site "Panagyurishte BUL"]
[Date "2012.04.26"]
[Round "7.4"]
[White "Yordanova, Svetla"]
[Black "Chilingirova, Pavlina"]
[Result "1/2-1/2"]
[WhiteElo "2116"]
[BlackElo "2109"]
[PlyCount "113"]
[EventDate "2012.04.18"]
[EventType "tourn"]
[EventRounds "11"]
[EventCountry "BUL"]
[EventCategory "11"]
[Source "lmi"]
[SourceDate "2012.04.20"]

1. d4 d5 2. Nf3 c6 3. c4 Nf6 4. Nc3 g6 5. Bf4 Bg7 6. e3 O-O 7. h3 Bf5 8. Qb3
Qb6 9. c5 Qxb3 10. axb3 Nbd7 11. b4 a6 12. g4 Be4 13. Be2 h6 14. O-O Bxf3 15.
Bxf3 Nh7 16. Rfd1 e5 17. dxe5 Nxe5 18. Bg2 Rad8 19. Rac1 Ng5 20. Bg3 Ne6 21.
Ne2 Nc4 22. b3 Na3 23. Rd3 Nb5 24. Rcd1 a5 25. e4 d4 26. Bd6 Nxd6 27. cxd6 axb4
28. Rc1 Rxd6 29. f4 g5 30. e5 Rdd8 31. f5 Nf4 32. Nxf4 gxf4 33. f6 Bh8 34. Rc4
Rfe8 35. Rcxd4 Rxd4 36. Rxd4 Rxe5 37. Rxf4 Re6 38. Rxb4 b5 39. Re4 c5 40. Rxe6
fxe6 41. Bf1 b4 42. Kf2 Bxf6 43. Bc4 Kf7 44. Kf3 Bc3 45. h4 Be1 46. h5 Kf6 47.
Ke4 Bc3 48. Kf4 e5+ 49. Ke4 Kg5 50. Be6 Bd4 51. Kf3 Bc3 52. Bd5 Bd2 53. Bc4 e4+
54. Kxe4 Kxg4 55. Be2+ Kg5 56. Kd3 Bc3 57. Ke4 1/2-1/2

[Event "Bulgaria ch 2012 femenino"]
[Site "Panagyurishte BUL"]
[Date "2012.04.26"]
[Round "7.5"]
[White "Voiska, Margarita"]
[Black "Raeva, Elitsa"]
[Result "0-1"]
[WhiteElo "2316"]
[BlackElo "2292"]
[PlyCount "69"]
[EventDate "2012.04.18"]
[EventType "tourn"]
[EventRounds "11"]
[EventCountry "BUL"]
[EventCategory "11"]
[Source "lmi"]
[SourceDate "2012.04.20"]

1. d4 Nf6 2. c4 c5 3. Nf3 g6 4. g3 Bg7 5. Bg2 O-O 6. d5 d6 7. Nc3 a6 8. a4 e5
9. O-O b6 10. e4 h6 11. Ne1 Ra7 12. Nd3 a5 13. h3 Re7 14. f4 exf4 15. gxf4 Nbd7
16. Bd2 Ba6 17. b3 Nh5 18. Qf3 f5 19. exf5 Rxf5 20. Qg4 Kh7 21. Rae1 Bd4+ 22.
Kh2 Ndf6 23. Rxe7+ Qxe7 24. Qe2 Qd8 25. Re1 Ng8 26. Be4 Qh4 27. Qg4 Bf2 28.
Bxf5 Qg3+ 29. Qxg3 Bxg3+ 30. Kg2 Bxe1 31. Bxg6+ Kxg6 32. Nxe1 Ne7 33. Nf3 Nf5
34. Ne2 Bc8 35. Kf2 0-1

[Event "Bulgaria ch 2012 femenino"]
[Site "Panagyurishte BUL"]
[Date "2012.04.27"]
[Round "8.1"]
[White "Videnova, Iva"]
[Black "Raeva, Elitsa"]
[Result "0-1"]
[WhiteElo "2301"]
[BlackElo "2292"]
[PlyCount "108"]
[EventDate "2012.04.18"]
[EventType "tourn"]
[EventRounds "11"]
[EventCountry "BUL"]
[EventCategory "11"]
[Source "lmi"]
[SourceDate "2012.04.20"]

1. e4 d6 2. d4 c6 3. Nc3 Qa5 4. f4 e5 5. Nf3 Nf6 6. Bd2 exd4 7. Nxd4 Qb6 8. Nb3
Be7 9. Qf3 Nbd7 10. O-O-O a5 11. Nd4 Nc5 12. Nde2 a4 13. h3 a3 14. b3 Be6 15.
Be3 Qa5 16. f5 Bc8 17. Bf4 O-O 18. g4 Re8 19. g5 Nfxe4 20. Nxe4 Nxe4 21. Qxe4
Bxf5 22. Qd4 d5 23. Bd2 Qd8 24. Ng3 Bg6 25. h4 c5 26. Qg4 c4 27. b4 Qb6 28. c3
Bxb4 29. cxb4 c3 30. Qf4 cxd2+ 31. Rxd2 Rac8+ 32. Kd1 Qc6 33. Ne2 Bh5 34. Ke1
Qc1+ 35. Kf2 Bxe2 36. Bg2 Qc4 37. Qxc4 Bxc4 38. Rhd1 g6 39. Bf3 Re5 40. Rc1
Rce8 41. Rc3 Ra8 42. Bd1 Kg7 43. Rf3 b5 44. Kg3 d4 45. Rf4 d3 46. Rd4 Rae8 47.
Rf4 Re2 48. Rf2 R8e3+ 49. Kg2 Bd5+ 50. Kg1 Rxd2 51. Rxd2 Rh3 52. Kf2 Bxa2 53.
Kg2 Be6 54. Bb3 Bxb3 0-1

[Event "Bulgaria ch 2012 femenino"]
[Site "Panagyurishte BUL"]
[Date "2012.04.27"]
[Round "8.2"]
[White "Chilingirova, Pavlina"]
[Black "Voiska, Margarita"]
[Result "0-1"]
[WhiteElo "2109"]
[BlackElo "2316"]
[PlyCount "74"]
[EventDate "2012.04.18"]
[EventType "tourn"]
[EventRounds "11"]
[EventCountry "BUL"]
[EventCategory "11"]
[Source "lmi"]
[SourceDate "2012.04.20"]

1. d4 b5 2. e4 a6 3. a4 b4 4. Nf3 Bb7 5. Bd3 e6 6. O-O c5 7. dxc5 Bxc5 8. Nbd2
d5 9. exd5 Bxd5 10. Ne4 Be7 11. Qe2 Nf6 12. Rd1 Qc7 13. c4 bxc3 14. Nxc3 Bb7
15. Ne5 Nc6 16. Nxc6 Qxc6 17. f3 O-O 18. Be3 Bc5 19. Ne4 Nxe4 20. Bxe4 Qb6 21.
Bxc5 Qxc5+ 22. Kh1 Bxe4 23. Qxe4 Rab8 24. Qe2 a5 25. Rd3 Qc4 26. Re3 Qd4 27.
Re4 Rxb2 28. Rxd4 Rxe2 29. Rd7 Rc8 30. Ra7 Ra2 31. Rd1 Rxa4 32. h3 h5 33. Rdd7
h4 34. Rxf7 Rc1+ 35. Kh2 Raa1 36. Rxg7+ Kf8 37. g3 Rc2# 0-1

[Event "Bulgaria ch 2012 femenino"]
[Site "Panagyurishte BUL"]
[Date "2012.04.27"]
[Round "8.3"]
[White "Tsekova, Viktoria"]
[Black "Yordanova, Svetla"]
[Result "0-1"]
[WhiteElo "1876"]
[BlackElo "2116"]
[PlyCount "68"]
[EventDate "2012.04.18"]
[EventType "tourn"]
[EventRounds "11"]
[EventCountry "BUL"]
[EventCategory "11"]
[Source "lmi"]
[SourceDate "2012.04.20"]

1. Nf3 c5 2. g3 Nf6 3. Bg2 Nc6 4. c4 d5 5. cxd5 Nxd5 6. O-O e5 7. Nc3 Nc7 8. d3
Be7 9. Be3 Bd7 10. Nd2 O-O 11. Nc4 f6 12. Qb3 Kh8 13. Ne4 b6 14. a4 Rb8 15. f4
Nd5 16. Bd2 Nd4 17. Qd1 Bg4 18. Rf2 exf4 19. gxf4 Qd7 20. Ng3 Nc7 21. Ne3 Be6
22. Nc4 Rbd8 23. b3 Rfe8 24. Be4 Bd5 25. Rg2 Bf8 26. Rb1 Qh3 27. Qf1 Nxb3 28.
Rxb3 Bxc4 29. dxc4 Rxe4 30. Nxe4 Qxb3 31. Rg3 Qxc4 32. Qg2 Rd4 33. Rc3 Qe6 34.
Rd3 Qxe4 0-1

[Event "Bulgaria ch 2012 femenino"]
[Site "Panagyurishte BUL"]
[Date "2012.04.27"]
[Round "8.4"]
[White "Galunova, Tsveta"]
[Black "Genova, Lyubka"]
[Result "1/2-1/2"]
[WhiteElo "2046"]
[BlackElo "2259"]
[PlyCount "53"]
[EventDate "2012.04.18"]
[EventType "tourn"]
[EventRounds "11"]
[EventCountry "BUL"]
[EventCategory "11"]
[Source "lmi"]
[SourceDate "2012.04.20"]

1. e4 c5 2. Nf3 e6 3. c3 Nf6 4. e5 Nd5 5. d4 cxd4 6. cxd4 d6 7. a3 Nc6 8. Bd3
g6 9. O-O Bg7 10. Bg5 Qc7 11. exd6 Qxd6 12. Nbd2 O-O 13. Nc4 Qb8 14. Rc1 b5 15.
Ne3 Nce7 16. Ng4 f6 17. Bd2 a6 18. Re1 Ra7 19. Bb1 Bd7 20. Ba2 a5 21. Rc5 Qd6
22. Qc1 Re8 23. h3 Raa8 24. Bh6 Bh8 25. Bd2 Bg7 26. Bh6 Bh8 27. Bd2 1/2-1/2

[Event "Bulgaria ch 2012 femenino"]
[Site "Panagyurishte BUL"]
[Date "2012.04.27"]
[Round "8.5"]
[White "Ivanova, Simoneta"]
[Black "Nikolova, Adriana"]
[Result "0-1"]
[WhiteElo "1963"]
[BlackElo "2293"]
[PlyCount "78"]
[EventDate "2012.04.18"]
[EventType "tourn"]
[EventRounds "11"]
[EventCountry "BUL"]
[EventCategory "11"]
[Source "lmi"]
[SourceDate "2012.04.20"]

1. Nf3 Nf6 2. c4 c6 3. e3 d5 4. Nc3 a6 5. Qc2 g6 6. d4 Bg7 7. Bd3 O-O 8. O-O
Nbd7 9. b3 Re8 10. Bb2 b5 11. Rad1 Bb7 12. Rfe1 Qc7 13. e4 dxc4 14. bxc4 e5 15.
Nxe5 Nxe5 16. dxe5 Ng4 17. Ne2 Bxe5 18. Bxe5 Qxe5 19. Ng3 Rad8 20. h3 Nf6 21.
Re3 b4 22. c5 Nd7 23. Rc1 Qc7 24. Ne2 Re5 25. f4 Rxc5 26. Qb2 Qb6 27. Kh2 Rc2
28. Qxc2 Qxe3 29. Bc4 Nb6 30. Qb3 Nxc4 31. Qxc4 Rd2 32. Rc2 Rxc2 33. Qxc2 c5
34. Ng3 h5 35. Qd1 Qxf4 36. Qd8+ Kh7 37. h4 Bxe4 38. Qe7 Bd5 39. Qxc5 Qd2 0-1

[Event "Bulgaria ch 2012 femenino"]
[Site "Panagyurishte BUL"]
[Date "2012.04.28"]
[Round "9.1"]
[White "Nikolova, Adriana"]
[Black "Videnova, Iva"]
[Result "0-1"]
[WhiteElo "2293"]
[BlackElo "2301"]
[PlyCount "62"]
[EventDate "2012.04.18"]
[EventType "tourn"]
[EventRounds "11"]
[EventCountry "BUL"]
[EventCategory "11"]
[Source "lmi"]
[SourceDate "2012.04.20"]

1. e4 c5 2. c3 d5 3. exd5 Qxd5 4. d4 g6 5. Nf3 Bg7 6. Na3 Nf6 7. Bc4 Qe4+ 8.
Be3 O-O 9. O-O cxd4 10. cxd4 a6 11. Ne5 Ng4 12. Bd3 Nxe3 13. Bxe4 Nxd1 14.
Rfxd1 Ra7 15. Nac4 b5 16. Na5 Be6 17. Rac1 Re8 18. f4 f6 19. Nec6 Nxc6 20. Bxc6
Rd8 21. Nb7 Rb8 22. Nc5 Bf7 23. d5 f5 24. b3 Bb2 25. Rc2 Ba3 26. Ne6 Bd6 27. g3
Bxe6 28. dxe6 Rc7 29. Rdc1 Rbc8 30. b4 Bxb4 31. Rb1 Bd6 0-1

[Event "Bulgaria ch 2012 femenino"]
[Site "Panagyurishte BUL"]
[Date "2012.04.28"]
[Round "9.2"]
[White "Genova, Lyubka"]
[Black "Ivanova, Simoneta"]
[Result "1-0"]
[WhiteElo "2259"]
[BlackElo "1963"]
[PlyCount "91"]
[EventDate "2012.04.18"]
[EventType "tourn"]
[EventRounds "11"]
[EventCountry "BUL"]
[EventCategory "11"]
[Source "lmi"]
[SourceDate "2012.04.20"]

1. e4 e5 2. Nf3 Nc6 3. Nc3 Nf6 4. d4 exd4 5. Nxd4 Bb4 6. Nxc6 bxc6 7. Bd3 d5 8.
exd5 cxd5 9. O-O O-O 10. Bg5 c6 11. Qf3 Be7 12. Rae1 Rb8 13. Nd1 Be6 14. h3 h6
15. Bc1 Bd6 16. c3 c5 17. b3 Nd7 18. Qh5 Nf6 19. Qh4 Nd7 20. Qxd8 Rfxd8 21. f4
Nf6 22. Nb2 Re8 23. Re2 Bd7 24. c4 Rxe2 25. Bxe2 Re8 26. Bf3 d4 27. g4 Ne4 28.
Re1 Nc3 29. Rxe8+ Bxe8 30. a4 Bd7 31. f5 h5 32. Nd3 hxg4 33. hxg4 Na2 34. Ba3
Nb4 35. Bxb4 cxb4 36. c5 Be7 37. Bb7 Be8 38. Kf2 f6 39. Bd5+ Bf7 40. Bxf7+ Kxf7
41. Kf3 Ke8 42. Ke4 Kd7 43. Kxd4 a5 44. Kd5 Bd8 45. Nf4 Bc7 46. Ne6 1-0

[Event "Bulgaria ch 2012 femenino"]
[Site "Panagyurishte BUL"]
[Date "2012.04.28"]
[Round "9.3"]
[White "Yordanova, Svetla"]
[Black "Galunova, Tsveta"]
[Result "0-1"]
[WhiteElo "2116"]
[BlackElo "2046"]
[PlyCount "114"]
[EventDate "2012.04.18"]
[EventType "tourn"]
[EventRounds "11"]
[EventCountry "BUL"]
[EventCategory "11"]
[Source "lmi"]
[SourceDate "2012.04.20"]

1. e4 e5 2. Nf3 Nc6 3. d4 exd4 4. Nxd4 Nf6 5. Nxc6 bxc6 6. e5 Qe7 7. Qe2 Nd5 8.
c4 Ba6 9. b3 O-O-O 10. g3 f6 11. Bg2 fxe5 12. O-O h5 13. h4 Nf6 14. Bb2 e4 15.
Re1 d5 16. Nd2 Qf7 17. Bh3+ Kb8 18. b4 Bd6 19. b5 cxb5 20. cxb5 Bc8 21. Bg2 Ng4
22. Bd4 e3 23. Bxe3 Rhe8 24. Qf3 Qxf3 25. Nxf3 Nxe3 26. Rxe3 Rxe3 27. fxe3 Bxg3
28. Nd4 Kb7 29. Nc6 Rd6 30. Ne7 Be6 31. Rd1 Bxh4 32. Nxd5 Kc8 33. e4 Bg3 34.
Rc1 Kd8 35. Nxc7 Bxa2 36. Na6 Rd4 37. Bf3 Bf7 38. Kg2 h4 39. Rc2 Rc4 40. Rb2
Be5 41. Ra2 Ke7 42. Re2 Be6 43. Bh5 h3+ 44. Kf2 h2 45. Bf3 Rc1 46. Re1 Bd4+ 47.
Ke2 Bc4+ 48. Kd2 Rxe1 49. Kxe1 Bxb5 50. Nc7 Bc4 51. Nd5+ Kd6 52. Kd2 a5 53. Kc2
a4 54. Nb4 a3 55. Kb1 g5 56. Na2 g4 57. Bh1 g3 0-1